| 000 | 00976nam a22002297a 4500 | ||
|---|---|---|---|
| 005 | 20250407113510.0 | ||
| 008 | 250407b |||||||| |||| 00| 0 eng d | ||
| 020 | _a978-93-5775-416-3 (hbk) | ||
| 037 | _cTB | ||
| 040 |
_aCRL _cCRL |
||
| 041 |
_2hin _ahin |
||
| 084 |
_aO152,3NSI,PR R4 _qCRL |
||
| 100 | _aसिंह, सर्वेश | ||
| 245 |
_aपार्थसारथी रॉक: _bजेएनयू की एक कथा - स्मृति |
||
| 260 |
_aनई दिल्ली, भारत: _bवाणी प्रकाशन, _c2024. |
||
| 300 | _a122पृ0 | ||
| 365 |
_b395.00 _cINR |
||
| 650 | _aहिन्दी उपन्यास | ||
| 650 | _aहिन्दी साहित्य | ||
| 942 |
_2CC _cTB _hO152,3NSI,PR R4 _n0 |
||
| 999 |
_c1308482 _d1308482 |
||